El desierto del amor / (Record no. 107940)

MARC details
000 -LEADER
campo de control de longitud fija 00777nam a2200217 i 4500
001 - NÚMERO DE CONTROL
campo de control 107940
003 - IDENTIFICADOR DE NÚMERO DE CONTROL
campo de control ES-MaACL
007 - CAMPO FIJO DE DESCRIPCIÓN FÍSICA--INFORMACIÓN GENERAL
campo de control de longitud fija t|
008 - DATOS DE LONGITUD FIJA--INFORMACIÓN GENERAL
campo de control de longitud fija 070103s1970 sp ||||1| spa d
080 ## - NÚMERO DE LA CLASIFICACIÓN DECIMAL UNIVERSAL
Número de la Clasificación Decimal Universal 840-311.2"19"
100 1# - ENTRADA PRINCIPAL--NOMBRE DE PERSONA
Nombre de persona Mauriac, François,
Fechas asociadas al nombre 1885-1970
9 (RLIN) 79251
245 13 - MENCIÓN DEL TÍTULO
Título El desierto del amor /
Mención de responsabilidad, etc. François Mauriac; prólogo de Lorenzo Gomis; traducción de Ximena Garcés de Arteche.
260 ## - PUBLICACIÓN, DISTRIBUCIÓN, ETC.
Lugar de publicación, distribución, etc. Estella (Navarra) :
Nombre del editor, distribuidor, etc. Salvat,
Fecha de publicación, distribución, etc. 1970.
300 ## - DESCRIPCIÓN FÍSICA
Extensión 175 p., 1 h. ;
Dimensiones 19 cm.
490 1# - MENCIÓN DE SERIE
Mención de serie Biblioteca básica Salvat de Libros RTV ;
Designación de volumen o secuencia 88
700 1# - ENTRADA AGREGADA--NOMBRE PERSONAL
Nombre de persona Gomis, Lorenzo.
9 (RLIN) 58211
700 1# - ENTRADA AGREGADA--NOMBRE PERSONAL
Nombre de persona Garcés de Arteche, Ximena.
9 (RLIN) 53980
830 00 - PUNTO DE ACCESO ADICIONAL DE SERIE-TÍTULO UNIFORME
Título uniforme Biblioteca básica Salvat de libros RTV
Designación de volumen o secuencia 88
9 (RLIN) 185398
852 ## - LOCALIZACIÓN
Ubicación ES-MaACL
Número de control de estantería E-3009
Sublocalización o colección R.69765
Holdings
Estatus retirado Estado de pérdida Estado de daño No para préstamo Biblioteca de origen Biblioteca actual Ubicación en estantería Fecha de adquisición Fuente de adquisición Total de préstamos Signatura topográfica completa Código de barras Visto por última vez Precio de reemplazo Tipo de ítem Koha
        Biblioteca del Ateneo de Madrid Biblioteca del Ateneo de Madrid Depósito 2 17/01/2008     E-3009 1112644 23/02/2023 23/02/2023 Libro impreso